उमलती फुले / (Record no. 21187)

MARC details
000 -LEADER
fixed length control field 01080nam a22002417a 4500
008 - FIXED-LENGTH DATA ELEMENTS--GENERAL INFORMATION
fixed length control field 081007t xxu||||| |||| 00| 0 mar
010 ## - LCCN (DPL NO)
LC control number MAR-20015
020 ## - INTERNATIONAL STANDARD BOOK NUMBER
Terms of availability 100.00
035 ## - SYSTEM CONTROL NUMBER
System control number MR-12673
037 ## - SOURCE OF ACQUISITION
Source of stock number/acquisition D.B.Act /pub
082 ## - DEWEY DECIMAL CLASSIFICATION NUMBER
Classification number 649.1
100 ## - MAIN ENTRY--PERSONAL NAME
Personal name सरदेसाई, ह.वि.
245 ## - TITLE STATEMENT
Title उमलती फुले /
Statement of responsibility, etc ह.वि.सरदेसाई; अनिल बळेल द्वारा संपादित
246 ## - VARYING FORM OF TITLE
Title proper/short title Umlati Fule
Remainder of title by H.V. Sardesai
260 ## - PUBLICATION, DISTRIBUTION, ETC. (IMPRINT)
Place of publication, distribution, etc पुणे
Name of publisher, distributor, etc उत्कर्ष प्रकाशन
Date of publication, distribution, etc 2008
270 ## - ADDRESS
Address 685, डेक्कन जिमखाना,
City पुणे
Postal code 411004
300 ## - PHYSICAL DESCRIPTION
Extent 148 पृ
Dimensions 22सेमी (अजिल्द)
650 ## - SUBJECT ADDED ENTRY--TOPICAL TERM
Topical term or geographic name as entry element पालकत्व
650 ## - SUBJECT ADDED ENTRY--TOPICAL TERM
Topical term or geographic name as entry element Child Rearing
700 ## - ADDED ENTRY--PERSONAL NAME
Personal name बळेल, अनिल
942 ## - ADDED ENTRY ELEMENTS (KOHA)
Source of classification or shelving scheme Dewey Decimal Classification
Item type Marathi Books
Call number suffix सरदे
Classification part 649.1
Holdings
Withdrawn status Lost status Source of classification or shelving scheme Damaged status Not for loan Collection code Home library Current library Date acquired Source of acquisition Cost, normal purchase price Total Checkouts Full call number Barcode Date last seen Copy number Cost, replacement price Koha item type
    Dewey Decimal Classification   Not For Loan Non-fiction D.B.Act.Division D.B.Act.Division 19/01/2009 DBAD 100.00   649.1 सरदे MR-12673 19/01/2009 1 100.00 Marathi Books

© Delhi Public Library
Hit Counter
free hit counter